| 000 | 00347nam a2200145Ia 4500 | ||
|---|---|---|---|
| 008 | 180730s9999||||xx |||||||||||||| ||und|| | ||
| 020 | _a9789352605439 | ||
| 082 |
_a658 _bASW/H |
||
| 100 | _aAswathappa, K | ||
| 245 | 0 | _aHuman Resource Management | |
| 250 | _a8th | ||
| 260 |
_aChennai _bMcGraw Hill Education _c2017 |
||
| 300 | _a858 | ||
| 942 | _cBK | ||
| 999 |
_c1879 _d1879 |
||